Normal view
MARC view
Entry Topical Term
001 - CONTROL NUMBER
- control field: 56562
003 - CONTROL NUMBER IDENTIFIER
- control field: OSt
005 - DATE AND TIME OF LATEST TRANSACTION
- control field: 20160512171401.0
008 - FIXED-LENGTH DATA ELEMENTS
- fixed length control field: 160512|| aca||aabn | a|a d
040 ## - CATALOGING SOURCE
- Original cataloging agency: OSt
- Transcribing agency: OSt
150 ## - HEADING--TOPICAL TERM
- Topical term or geographic name entry element: Literacture
670 ## - SOURCE DATA FOUND
- Source citation: Work cat.: (OSt)21112: व्यास, श्री उपेन्द्रनाथ झा 56561, मैथिली महाभारत









